| 000 | 00559nam a22001577a 4500 | ||
|---|---|---|---|
| 003 | OSt | ||
| 005 | 20150910100815.0 | ||
| 008 | 150910b xxu||||| |||| 00| 0 eng d | ||
| 040 | _cRUA | ||
| 082 | _aAGR ស៊ុន 1994 B009 Or.1 | ||
| 100 |
_9205 _aស៊ុន សុភក្ដិ |
||
| 245 | _aមូលដ្ឋានគ្រឹះស្រាវជ្រាវប្រព័ន្ធកសិកម្មដំណាំស្រូវនៅកម្ពុជា | ||
| 260 |
_aPhnom Penh _bRUA _c1994 |
||
| 300 |
_a98p. _bill. _c29cm. |
||
| 942 |
_2ddc _cAGR |
||
| 999 |
_c185 _d185 |
||